000 01165nam a2200229 i 4500
001 182710
003 ES-MaACL
005 20231228063300.0
008 131016s1943 sp |||| | spa d
100 1 _aMenéndez y Pelayo, Marcelino,
_d1856-1912
_980332
245 1 0 _aOrígenes de la novela /
_c[Menéndez Pelayo] ; edición preparada por Enrique Sánchez Reyes.
260 _aMadrid :
_bConsejo Superior de Investigaciones Científicas,
_c1943 (
_eSantander :
_fAldus)
300 _a4 v. ;
_c21 cm.
490 1 _aEdición nacional de las obras completas de Menéndez Pelayo ;
_v13-16
505 8 _aContiene: 1. Influencia oriental. Libros de caballerías - 2. Novelas sentimental, bizantina, histórica y pastoril - 3. Cuentos y novelas cortas. La Celestina - 4. Primeras imitaciones de La Celestina
650 0 4 _aNovela española-
_xHistoria y crítica.
_915611
700 1 _aSánchez Reyes, Enrique.
_9102876
710 2 _aConsejo Superior de Investigaciones Científicas (España)
_93236
830 1 _aEdición nacional de las obras completas de Menéndez y Pelayo
_v13-16
_9224235
852 _aES-MaACL
_jE-3174-77
999 _c182710
_d182710